000 00393nam a2200169Ia 4500
008 210210b1954 xxu||||| |||| 00| 0 eng d
041 _aeng
082 _a829/1135
100 _aTOLSTOY (L)
245 _aTwenty three tales
260 _aLondon
_bOxford University Press
_c1954
650 _aTwenty
650 _athree
650 _atales
690 _aEnglish Fiction
906 _a017747
999 _c137731
_d137731